Honda Cars by Picture - Statistics

General Stats
  • This quiz has been taken 999 times
  • The average score is 6 of 9
Answer Stats
Picture Answer % Correct
Civic
98%
Accord
85%
CR-V
85%
NSX
77%
HR-V
65%
Odyssey
61%
Pilot
57%
Element
40%
Passport
35%
No matching quizzes found
Score Distribution
Percent of People with Each Score
Percentile by Number Answered
Your Score History
You have not taken this quiz